Military Medals and Decorations - Statistics

General Stats
  • This quiz has been taken 209 times
  • The average score is 7 of 18
Answer Stats
Hint Answer % Correct
US award for being wounded or killed in combat Purple Heart
92%
Highest US award for valor in combat Medal of Honor
89%
Stellar medal that is the third highest award for valor Silver Star
70%
Younger sibling of the above medal Bronze Star
65%
Highest British award for valor Victoria Cross
51%
Second highest Naval award for valor in combat Navy Cross
46%
Second highest Army award for valor in combat Distinguished Service Cross
33%
Awarded for three years of not being caught! (No NJP/court martial) Good Conduct Medal
31%
Second highest Air Force award for valor in combat Air Force Cross
30%
Heroism or extraordinary achievement while participating in an aerial flight Distinguished Flying Cross
26%
Highest Soviet award from the Soviet Union era Hero of the Soviet Union
26%
Younger sibling of the above medal Air Medal
23%
Awarded for being held captive (after 1917) Prisoner of War Medal
22%
Highest Prussian award for valor (nickname) Blue Max
14%
Awarded to any service member during Korea, Vietnam, Persian Gulf or GWOT National Defense Service Medal
14%
US award for valor not in combat Soldier's Medal
13%
Awarded for spending a period of time south of 60 degrees south latitude Antarctic Service Medal
11%
Highest ancient Roman award for valor Grass Crown
4%
No matching quizzes found
Score Distribution
Percent of People with Each Score
Percentile by Number Answered
Your Score History
You have not taken this quiz